000 00664nam a2200241Ia 4500
003 OSt
005 20220926022856.0
006 a|||||r|||| 00| 0
007 ta
008 220923b |||||||| |||| 00| 0 eng d
020 _a818598288
037 _cGeneral Book
040 _aRTL
_cRTL
_beng
041 _2eng
_aeng
082 _aX:71, N3;N9/TD3
100 _aVarian Hal R
_9253462
245 0 _aIntermediate microeconomics
_b A modren appproach
250 _a3
260 _aNew York
_bW W Norton USA
_c1993
300 _axxiv, 621p.
_ccm.
942 _hX:71, N3;N9/TD3
_cGB
_2CC
999 _c640496
_d640496